Biên niên lịch sử Thăng Long - Hà Nội Phần bổ sung

সংরক্ষণ করুন:
গ্রন্থ-পঞ্জীর বিবরন
অন্যান্য লেখক: Ngô Vương Anh (b.s.), Phan Phương Thảo (ch.b.), Phạm Đức Anh (b.s.), Đặng Hồng Sơn (b.s.), Đỗ Hương Thảo (b.s.)
বিন্যাস: গ্রন্থ
ভাষা:Vietnamese
প্রকাশিত: Hà Nội Hà Nội 2019
মালা:Tủ sách Thăng Long 1000 năm
বিষয়গুলি:
ট্যাগগুলো: ট্যাগ যুক্ত করুন
কোনো ট্যাগ নেই, প্রথমজন হিসাবে ট্যাগ করুন!
Thư viện lưu trữ: Trung tâm Học liệu Lê Vũ Hùng, Trường Đại học Đồng Tháp
LEADER 01104pam a22003138a 4500
001 00046178
005 20201217101246.0
008 201217s2019####-vm#################vie|d
020 # # |a 9786045545270  |c 0 
041 0 # |a vie 
082 0 4 |a 959.731  |b B305N 
245 0 0 |a Biên niên lịch sử Thăng Long - Hà Nội  |b Phần bổ sung  |c Phan Phương Thảo (ch.b.), Đỗ Hương Thảo, Phạm Đức Anh... 
260 # # |a Hà Nội  |b Hà Nội  |c 2019 
300 # # |a 1099tr.  |b ảnh  |c 24cm 
490 0 # |a Tủ sách Thăng Long 1000 năm 
504 # # |a Thư mục: tr. 1071-1098 
653 # # |a Biên niên 
653 # # |a Hà Nội 
653 # # |a Sự kiện 
653 # # |a Lịch sử 
700 1 # |a Ngô Vương Anh  |e b.s. 
700 1 # |a Phan Phương Thảo  |e ch.b. 
700 1 # |a Phạm Đức Anh  |e b.s. 
700 1 # |a Đặng Hồng Sơn  |e b.s. 
700 1 # |a Đỗ Hương Thảo  |e b.s. 
852 # # |j KD.0027718 
930 |a 445792  |b 05/11/2019 
941 |a DP  |b XH 
980 # # |a Trung tâm Học liệu Lê Vũ Hùng, Trường Đại học Đồng Tháp